Historia de la Orden del Carmen Descalzo en Chile
Tallennettuna:
| Päätekijä: | |
|---|---|
| Aineistotyyppi: | Kirja |
| Kieli: | espanja |
| Julkaistu: |
Santiago, Chile
Chile
1936
|
| Aiheet: | |
| Tagit: |
Lisää tagi
Ei tageja, Lisää ensimmäinen tagi!
|
MARC
| LEADER | 00000cam a2200000 a 4500 | ||
|---|---|---|---|
| 001 | UCP4916 | ||
| 003 | CL-VaPUC | ||
| 005 | 20200529140624.0 | ||
| 008 | 990821e19360000CL |||||||||||||||||spa|d | ||
| 999 | |c 282806 |d 282804 | ||
| 040 | |c Pontificia Universidad Católica de Valparaíso | ||
| 082 | 0 | 4 | |a 271.73 ASU 1936 |2 21 |
| 100 | 0 | |a Asunción, Lázaro de la |e author |9 432939 | |
| 245 | 1 | 0 | |a Historia de la Orden del Carmen Descalzo en Chile |
| 260 | |a Santiago, Chile |b Chile |c 1936 | ||
| 300 | |a volúmenes | ||
| 500 | |a v.3 p.2: Madres Carmelitas | ||
| 583 | |a last modification |c 20150518 09:43:59 |k Rodrigo Vera | ||
| 600 | 0 | 7 | |a SANTA TERESA DE AVILA |2 CL-VaPUC |9 314693 |
| 600 | 0 | 7 | |a SANTA TERESA DE JESUS |2 CL-VaPUC |9 313710 |
| 610 | |2 CARMELITAS DESCALZAS |x ORDENES RELIGIOSAS |z CHILE |9 856462 | ||
| 650 | 7 | |a HISTORIA ECLESIASTICA |2 CL-VaPUC |9 432942 |z CHILE | |
| 852 | |a BIBCUR | ||
| 942 | |c BK |2 ddc | ||
| 945 | |d 19990821 00:00:00 |a crobeson | ||
| 952 | |0 0 |1 0 |2 ddc |4 0 |6 271_730000000000000_ASU_1936 |7 0 |8 X |9 325224 |a BIBHIS |b BIBHIS |d 2019-11-20 |h v.1 |i 1356259 |o 271.73 ASU 1936 |p 1356259 |r 2024-01-30 |t 1 |w 2019-11-20 |y BK_X |k HIS | ||
| 952 | |0 0 |1 0 |2 ddc |4 0 |6 271_730000000000000_ASU_1936 |7 0 |8 X |9 325225 |a BIBHIS |b BIBHIS |d 2019-11-20 |h v.2 |i 1356267 |o 271.73 ASU 1936 |p 1356267 |r 2024-01-30 |t 1 |w 2019-11-20 |y BK_X |k HIS | ||
| 952 | |0 0 |1 0 |2 ddc |4 0 |6 271_730000000000000_ASU_1936 |7 0 |8 X |9 325226 |a BIBHIS |b BIBHIS |d 2019-11-20 |h v.3 |i 1356275 |o 271.73 ASU 1936 |p 1356275 |r 2024-01-30 |t 1 |w 2019-11-20 |y BK_X |k HIS | ||
| 952 | |0 0 |1 0 |2 ddc |4 0 |6 271_730000000000000_ASU_1936 |7 0 |8 X |9 325227 |a FDOBUD |b FDOBUD |d 2019-11-20 |h v.1 |i 4437853 |o 271.73 ASU 1936 |p 4437853 |r 2019-11-20 |t 2 |w 2019-11-20 |y BK_X |k BUD | ||
| 952 | |0 0 |1 0 |2 ddc |4 0 |6 271_730000000000000_ASU_1936 |7 0 |8 X |9 325228 |a FDOBUD |b FDOBUD |d 2019-11-20 |h v.2 |i 4437861 |o 271.73 ASU 1936 |p 4437861 |r 2019-11-20 |t 2 |w 2019-11-20 |y BK_X |k BUD | ||
| 952 | |0 0 |1 0 |2 ddc |4 0 |6 271_730000000000000_ASU_1936 |7 0 |8 X |9 325229 |a FDOBUD |b FDOBUD |d 2019-11-20 |h v.3 |i 443787K |o 271.73 ASU 1936 |p 443787K |r 2019-11-20 |t 2 |w 2019-11-20 |y BK_X |k BUD | ||
| 952 | |0 0 |1 0 |3 erb |4 0 |6 271_730000000000000_ASU_1936 |7 0 |8 P |9 325230 |a BIBTEO |b BIBTES |c TEO_FTES |e Rehbein Pesce, Antonio, -2014 |h v.3 p.2 |i 5180600 |o 271.73 ASU 1936 |p 5180600 |r 2024-01-18 |w 2019-11-20 |y BK |z Catalogado en:20150520 |k ICR | ||
| 952 | |0 0 |1 0 |3 erb |4 0 |6 271_730000000000000_ASU_1936 |7 0 |8 P |9 325231 |a BIBTEO |b BIBTES |c TEO_FTES |e Rehbein Pesce, Antonio, -2014 |h t.1 p.1 |i 5180651 |o 271.73 ASU 1936 |p 5180651 |r 2024-01-18 |w 2019-11-20 |y BK |z Catalogado en:20150728 |k ICR | ||
| 952 | |0 0 |1 0 |3 erb |4 0 |6 271_730000000000000_ASU_1936 |7 0 |8 P |9 325232 |a BIBTEO |b BIBTES |c TEO_FTES |e Rehbein Pesce, Antonio, -2014 |h t.2 p.1 |i 518066K |o 271.73 ASU 1936 |p 518066K |r 2024-01-18 |w 2019-11-20 |y BK |z Catalogado en:20150728 |k ICR | ||